Quizzes
Events
Quiz Creation
Community
Videos
Private Events
Remove Ads
Sign In
Join for FREE
Feedback
Dark Mode
Quiz Categories
Sports
Geography
Music
Movies
Television
Just For Fun
Miscellaneous
History
Literature
Language
Science
Gaming
Entertainment
Religion
Holiday
For Kids
Quiz Lab
Recent
Popular Today
Quiz Kudos Today
Editor Picks
Curator Picks
Quizzes by...
Day
Popularity
Type
Ratings
Length
Year
Community
Subscriptions
Recent Discussions
Orange Saloon
Badges
Playlists
Quests
Create
Leaderboards
Showdown
Live 5
Trivia Bingo
Activity
Puzzle Library
Sporcle Events
Private Events
Virtual Trivia
Globe League
Become a Host
Pub Owners
SporcleCon
Opinionation
Our Games
Videos
Blog
Mobile Apps
Partnerships
Remove Ads and Go Orange
Feedback
Music
Pop Music
The Beatles
Song
Album
Lyrics
Bands
Singers
Artist
Clip
Rock
Rap
Classical
Billboard
Country Music
Kpop
Taylor Swift
Music
Pop Music
The Beatles
Song
Album
Lyrics
Bands
Singers
Artist
Clip
Rock
Rap
Classical
Billboard
Country Music
Kpop
Taylor Swift
Random Quiz
Search Sporcle
×
Quiz Lab
Quiz Lab
Music
Album
Type in answers that appear in a list
Type in answers that appear in a list
Classic
Best Score? Go Orange.
Name the lyrics To All Time Low Stats
Can you name the Name the lyrics To All Time Low?
By
surferswimmer93
6m
18 Questions
3,761 Plays
3,761 Plays
3,761 Plays
Comments
Comments
Give Quiz Kudos
Give Quiz Kudos
-
- Ratings
hide this ad
Random Order
Randomize order of answers
Randomize order of answers
Replay
Link that replays current quiz
Next Quiz
Link to next quiz in quiz playlist
You Got
0%
They Got
Avg Score
42%
Avg Friend Score
Upgrade to see
Score Distribution
Jump to the score distribution portion of the page
Score
0/18
Timer
06:00
0
Plays Today
Lyrics
Song
% Correct
Now this place seems familiar to him, she pulled on his hand with a devilish grin
Remembering Sunday
83%
She's trouble in a tank top Pretty little time bomb Blowing up I'll take you down
Lost In Stereo
78.4%
everybody knows there's a party at the end of the road
Hello, Brooklyn
69.2%
Take off your shirt your shoes, Those skinny jeans I bought for you
Walls
67.7%
Tonight is alive with the promise of a street-
fight, and there's money on the table, that says your cheap-
shots won't be able, to break bones.
Coffeeshop Soundtrack
60.9%
I've got a bone to pick with you, Mr. DJ The traffic in this town Is just as bad as it is in LA
Come One, Come All
54.7%
Hips sway and lips lie, like clockwork she's in control
Shameless
50.5%
stay seventeen, my blood is Sunrise through the window pane, where tired eyes will close....
The Party Scene
50.3%
She bites her lip and tips her bottle I take a drink 'cause the truth is hard to swallow, oh
Toxic Valentine
45.8%
Lyrics
Song
% Correct
this four-
leaf clover is all but useless now
Break Out Break Out
42.1%
you've got me to blame for every fire that breaks out in every lover's name
Running From Lions
38.3%
Your lips are a hot flame, baby and our chemistry is kerosene...
Noel
28.7%
There's a look in your eye And it's screaming 'goodbye' Now it tears me apart just to look at the sky
Memories That Fade Like Photographs
21.4%
that could have been nothing but a sad, sad song, about a group of kids who lost it all to the great, big city?
I Can't Do The One Two Step
17.7%
Now lets take our chances Please give me your answer It's all up to you so please take me away
Hit The Lights
16.6%
looking forward to another day without you
The Next Best Thing
13.7%
The fire burns tonight lighting up the darkest corners of my mind
Light The Way
9%
You couldn't stay no more And as you took your final breath Would your dreams come forth or have an end
We All Fall Down
9%
Quiz Playlist
Details
Report
Send in Message
Add To Playlist
Classic:
Type in answers that appear in a list
Random Order:
Randomize order of answers
Last Updated: Feb 16, 2017
Quiz Scoreboard
CHALLENGE
Sign Up to Join the Scoreboard
Show All
Scores
Hide
Comments
May contain spoilers
Recently Published
Street Fighter Characters
by Artimus82
Gaming
60s
9x9 Crossword: Cartoon Network
by jackfrog10
Miscellaneous
3m
College Basketball Coaching Resumes
by pancakes188
Sports
9m
More to Explore
Quiz From the Vault
Featured Blog Post
Where Did the Easter Bunny Come From?
hide this ad
You Might Also Like...
Tags
Album Quiz
Lyrics Quiz
Song Quiz
All Time
Low
Today's Top Quizzes in Music
Browse Music
hide this ad
Today's Top Quizzes in Album
Browse Album
Top Contributed Quizzes in Music
1
Taylor Swift All Songs (2024)
2
Guess the Artist- 70s Songs
3
7-to-1: Billboard Hot 100 #1 Hits of 2010s
4
Taylor Swift Logic Puzzle
5
Sorting Albums and Songs
6
KPOP LOGIC QUIZ
7
Guess the Taylor Swift song (Mystery Song)
8
Guess The Taylor Swift Lyrics Song #1
9
Billboard Blitz: ABBA
10
Billboard Blitz: The Beatles
Explore More
Trending Topics
Anime
Harry Potter
Disney
Crossword
Marvel
NBA
Kpop
Song
Puzzle
Pokémon
Country
NFL
Soccer
The Office
WWE
hide this ad
More By:
surferswimmer93
Quiz
Plays
Rating
Category
Featured
Created
Name the lyrics To All Time Low
3,761
1.33
Music
Oct 21, 2009
The insults from the song My D**K
105
Music
Nov 13, 2009
MBHS Magnet Teachers
75
1.00
Just For Fun
Oct 19, 2009
Books in the Pendragon Series
74
5.00
Literature
Oct 19, 2009
Go to Creator's Profile
Score Distribution
Quiz Creator Spotlight
surferswimmer93
Follow
Send a Message
Quizzes Created
-
Created Quiz Play Count
-
More By This Creator
Popular Quizzes Today
1
Find the US States - No Outlines Minefield
2
Find the Countries of Europe - No Outlines Minefield
3
The Countries of the World
4
Find the US States
5
Risky Map Clicking: Biggest States A-Z
6
US States
7
Popular People in 1961
8
Movies - When Are They Set?
More Music Quizzes
Ultimate Kpop Quiz! - GIRLS GENERATION (SNSD)!
Quiz Lab
Trending Quizzes
Risky Map Clicking: Least Populous States A-Z
1-10 Letter G Words
Risky Map Clicking: Next State Alphabetically
Adjectives in 80s TV Shows
The Seven Year Switch: Catherine
Recently Updated
Leaping Animals
pecheneg
Reality TV Shows (A-Z)
bhenderson79
Rickey Henderson's Hall of Fame Teammates
pecheneg
Champions League XIs: Arsenal
pecheneg
Quick Pick: Celebrities in WWE's Hall of Fame
aduchscher
A-Z Keypad Blitz II
pecheneg
Multiple Oscar Actors
pecheneg
Mystery Phrase Blitz: Oscar 'Best Actors'
pecheneg
F. Scott Fitzgerald Novels
LTH
Pick 3 Villains
ddd62291
Trending Topics
Anime
NBA
Crossword
Kpop
Harry Potter
Disney
Marvel
WWE
Puzzle
Country
Song
NFL
Pokémon
Soccer
The Office
Your Account Isn't Verified!
In order to create a playlist on Sporcle, you need to verify the email address you used during registration. Go to your
Sporcle Settings
to finish the process.
Report this User
Report this user for behavior that violates our
Community Guidelines
.
Details:
Send Report
Go to the Sporcle.com Mobile Site →
Comments